000 00324nam a22001451a 4500
999 _c166625
_d166625
082 _aH1
_bBAC/S
100 _aBachchan
245 _aSoham Hansah/
_cby Bachchan.
260 _aNew Delhi:
_bRajpal,
_c1981.
300 _a30p.
650 _aLiterature Hindi
650 _aPoetry Hindi
650 _aLiterature
942 _cBK